[Event "Novi Sad TS03 op"]
[Site "Novi Sad"]
[Date "2015.03.26"]
[Round "9"]
[White "Vlaovic, Djordje"]
[Black "Remecki, Sinisa"]
[Result "1/2-1/2"]
[WhiteElo "2070"]
[BlackElo "2177"]
[PlyCount "29"]
[EventDate "2015.03.20"]
[EventType "swiss"]
[EventRounds "9"]
[EventCountry "SRB"]
[SourceTitle "CBM 165 Extra"]
[Source "ChessBase"]
[SourceDate "2015.04.21"]
[SourceVersion "1"]
[SourceVersionDate "2015.04.21"]
[SourceQuality "1"]

1. e4 c5 2. Nf3 Nc6 3. d4 cxd4 4. Nxd4 e6 5. Nc3 a6 6. Bc4 Qc7 7. Bb3 Nf6 8. Bg5 Be7 9. f4 h6 10. Bxf6 gxf6 11. Nde2 b5 12. Qd3 Bb7 13. 0-0-0 0-0-0 14. Qh3 Kb8 15. Qh5 1/2-1/2

[Event "Novi Sad Winter op"]
[Site "Novi Sad"]
[Date "2014.01.15"]
[Round "8"]
[White "Vlaovic, Djordje"]
[Black "Mladenovic, Aleksandar D"]
[Result "1-0"]
[WhiteElo "2132"]
[BlackElo "1959"]
[PlyCount "153"]
[EventDate "2014.01.10"]
[EventType "swiss"]
[EventRounds "9"]
[EventCountry "SRB"]
[SourceTitle "CBM 158 Extra"]
[Source "ChessBase"]
[SourceDate "2014.02.28"]
[SourceVersion "1"]
[SourceVersionDate "2014.02.28"]
[SourceQuality "1"]

1. e4 d6 2. d4 Nf6 3. Nc3 g6 4. g3 Bg7 5. Bg2 0-0 6. Nge2 Nbd7 7. 0-0 h6 8. h3 c6 9. Kh2 Qc7 10. a4 a5 11. Be3 e5 12. Qd2 Kh7 13. Rad1 Nb6 14. b3 Be6 15. f4 Rad8 16. f5 Bc8 17. dxe5 dxe5 18. Qe1 Rxd1 19. Nxd1 Rd8 20. fxg6+ fxg6 21. Qxa5 Nbd5 22. Qxc7 Nxc7 23. Nf2 Be6 24. Rd1 Rxd1 25. Nxd1 Na6 26. Bd2 Nc5 27. Nf2 Kg8 28. a5 Kf7 29. Nc3 Bf8 30. Bf1 g5 31. g4 Bd6 32. Kg3 Kg6 33. Kf3 Bd7 34. Bc4 Be6 35. Bd3 Bd7 36. Ncd1 Ne6 37. c3 Nf4 38. Be1 Be6 39. b4 h5 40. Ne3 h4 41. Nf5 Bf8 42. c4 Kf7 43. Bc3 Nd7 44. Ke3 Ke8 45. Kd2 Kd8 46. Kc2 Kc7 47. Kb3 b5 48. axb6+ Kxb6 49. Ka4 Ka7 50. c5 Kb7 51. Ne3 Ka7 52. Bc4 Bxc4 53. Nxc4 Nxc5+ 54. bxc5 Bxc5 55. Nd1 Nxh3 56. Bxe5 Nf2 57. Nxf2 Bxf2 58. Bh2 Bg3 59. Bg1+ Kb7 60. Nd2 h3 61. Nf3 Kc7 62. Kb4 Kd6 63. Kc4 h2 64. Bxh2 Bxh2 65. Nxh2 Ke5 66. Kd3 Kf4 67. Nf1 Kxg4 68. Ne3+ Kf4 69. Ng2+ Ke5 70. Ke3 c5 71. Ne1 g4 72. Nd3+ Kd6 73. Kf4 c4 74. Ne1 Kc5 75. Kxg4 Kd4 76. Kf5 c3 77. e5 1-0

[Event "Vojvodina-ch 4th"]
[Site "Novi Sad"]
[Date "2013.06.30"]
[Round "4"]
[White "Vlaovic, Djordje"]
[Black "Rogac, Srdjan"]
[Result "0-1"]
[WhiteElo "2205"]
[BlackElo "2322"]
[PlyCount "126"]
[EventDate "2013.06.28"]
[EventType "swiss"]
[EventRounds "9"]
[EventCountry "SRB"]
[SourceTitle "CBM 155 Extra"]
[Source "ChessBase"]
[SourceDate "2013.08.26"]
[SourceVersion "1"]
[SourceVersionDate "2013.08.26"]
[SourceQuality "1"]

1. e4 c5 2. Nf3 Nc6 3. d4 cxd4 4. Nxd4 Qc7 5. Nc3 e6 6. a3 a6 7. Be3 Nf6 8. h3 b5 9. Nxc6 Qxc6 10. Qd4 Bb7 11. f3 Rc8 12. Bd3 Bc5 13. Qxc5 Qxc5 14. Bxc5 Rxc5 15. g4 h6 16. Kd2 Ke7 17. b4 Rc7 18. a4 Rhc8 19. Ra3 bxa4 20. Nxa4 d6 21. Rha1 Nd7 22. Rc3 Ne5 23. Rxc7+ Rxc7 24. f4 Nc4+ 25. Ke2 g5 26. f5 Kf6 27. Nc3 Ke5 28. fxe6 fxe6 29. Rf1 Kd4 30. Nd1 Bxe4 31. c3+ Ke5 32. Bxe4 Kxe4 33. Rf6 Re7 34. Nf2+ Kd5 35. Rxh6 Ne5 36. Rh5 Rg7 37. Rh8 Rc7 38. Nd1 Ng6 39. Ra8 Rc6 40. Ke3 Nf4 41. Rh8 Ke5 42. Kf3 Nd5 43. Rg8 Kf6 44. h4 gxh4 45. Rh8 Nxc3 46. Ne3 d5 47. Rh6+ Kg5 48. Rh5+ Kg6 49. Ng2 h3 50. Nf4+ Kg7 51. Nxh3 Ne4 52. Nf4 Rc3+ 53. Ke2 Rc6 54. Re5 Kf6 55. Nd3 Rc7 56. Ke3 Rc3 57. Rh5 Nf2 58. Kxf2 Rxd3 59. Rh6+ Ke5 60. g5 Rd4 61. Kg3 Rxb4 62. g6 Rb1 63. Kh4 Kf4 0-1

[Event "Senta op-A 12th"]
[Site "Senta"]
[Date "2008.07.20"]
[Round "4"]
[White "Radovanovic, Dusan"]
[Black "Vlaovic, Djordje"]
[Result "1-0"]
[WhiteElo "2350"]
[BlackElo "2239"]
[PlyCount "87"]
[EventDate "2008.07.18"]
[EventType "swiss"]
[EventRounds "9"]
[EventCountry "YUG"]
[SourceTitle "CBM 125 Extra"]
[Source "ChessBase"]
[SourceDate "2008.09.01"]
[SourceVersion "1"]
[SourceVersionDate "2008.09.01"]
[SourceQuality "1"]

1. e4 c5 2. Nf3 Nf6 3. e5 Nd5 4. d4 cxd4 5. Qxd4 e6 6. Nbd2 Nc6 7. Qe4 Qc7 8. Bc4 f5 9. exf6 Nxf6 10. Qe2 d5 11. Bb5 Bd6 12. c4 0-0 13. 0-0 Bd7 14. b3 Rae8 15. Bb2 Kh8 16. Bxc6 bxc6 17. Be5 c5 18. Bxd6 Qxd6 19. Ne5 d4 20. f4 Bc6 21. Nxc6 Qxc6 22. Rae1 a5 23. h3 a4 24. Qd3 axb3 25. axb3 Qb7 26. Re2 Nd7 27. Ne4 Qc6 28. Ng5 g6 29. Rfe1 Rf6 30. g3 Nf8 31. Rg2 Nd7 32. Rge2 Kg8 33. h4 Qb6 34. h5 Nf8 35. h6 Rb8 36. Ra1 Rf5 37. Kh2 Qxb3 38. Qxb3 Rxb3 39. Ra7 Rxg5 40. fxg5 Rf3 41. Rc7 d3 42. Rd2 e5 43. Rg7+ Kh8 44. Re7 1-0

[Event "Senta op-A 12th"]
[Site "Senta"]
[Date "2008.07.19"]
[Round "3"]
[White "Vlaovic, Djordje"]
[Black "Vince, Viola"]
[Result "1-0"]
[WhiteElo "2239"]
[BlackElo "1930"]
[PlyCount "87"]
[EventDate "2008.07.18"]
[EventType "swiss"]
[EventRounds "9"]
[EventCountry "YUG"]
[SourceTitle "CBM 125 Extra"]
[Source "ChessBase"]
[SourceDate "2008.09.01"]
[SourceVersion "1"]
[SourceVersionDate "2008.09.01"]
[SourceQuality "1"]

1. e4 c5 2. Nf3 e6 3. d4 cxd4 4. Nxd4 a6 5. Nc3 Qc7 6. Bd3 Nc6 7. Be3 Nf6 8. Qe2 b5 9. 0-0 Bb7 10. Rae1 d6 11. f4 Be7 12. Nxc6 Bxc6 13. Bd4 e5 14. fxe5 dxe5 15. Bf2 0-0 16. Kh1 Rad8 17. Bg3 g6 18. a4 b4 19. Nd5 Bxd5 20. exd5 Nd7 21. Bxa6 Bd6 22. Bb5 f5 23. c3 bxc3 24. Rc1 e4 25. Rxc3 Qb8 26. Bxd6 Qxd6 27. Rc6 Qe7 28. Rd1 Ne5 29. Re6 Qg7 30. d6 Ng4 31. Bc4 Kh8 32. b3 Qh6 33. Qb2+ Qg7 34. Qd4 Qxd4 35. Rxd4 Nf6 36. Bb5 Nd7 37. Re7 Nc5 38. b4 Nb3 39. Rd1 f4 40. Rxe4 f3 41. gxf3 Kg7 42. d7 Rxf3 43. Re8 Rf8 44. Re3 1-0

[Event "Senta op-A 11th"]
[Site "Senta"]
[Date "2007.07.26"]
[Round "7"]
[White "Tasic, Zoran T"]
[Black "Vlaovic, Djordje"]
[Result "1-0"]
[WhiteElo "2157"]
[BlackElo "2268"]
[PlyCount "103"]
[EventDate "2007.07.21"]
[EventType "swiss"]
[EventRounds "9"]
[EventCountry "YUG"]
[SourceTitle "CBM 119 Extra"]
[Source "ChessBase"]
[SourceDate "2007.09.04"]
[SourceVersion "1"]
[SourceVersionDate "2007.09.04"]
[SourceQuality "1"]

1. Nf3 c5 2. g3 b6 3. Bg2 Bb7 4. 0-0 Nf6 5. d3 e6 6. e4 d6 7. Qe2 Be7 8. c3 Qc7 9. Nbd2 Nbd7 10. b3 Ne5 11. Ne1 h5 12. f4 Ng6 13. h3 a5 14. a4 h4 15. g4 e5 16. fxe5 Nxe5 17. Nc4 Nxc4 18. bxc4 Nh7 19. Nc2 Bf6 20. Bd2 0-0 21. Ne3 Rfe8 22. Qf2 Bc6 23. Ra2 Ra7 24. Nf5 Qd7 25. Rfa1 Qd8 26. Bf1 g6 27. Ne3 Be5 28. Nd5 Bg3 29. Qe3 f5 30. Qh6 Rg7 31. Bg2 fxg4 32. Rf1 Bd7 33. hxg4 Bxg4 34. Bf4 Bxf4 35. Rxf4 Be6 36. e5 dxe5 37. Rxh4 Bf5 38. Rf2 g5 39. Rh1 Re6 40. Rxf5 Rxh6 41. Rxh6 Qd7 42. Be4 Qxa4 43. Rf1 Qc2 44. Ne3 Qe2 45. Bd5+ Rf7 46. Bxf7+ Kg7 47. Rg6+ Kf8 48. Rg8+ Ke7 49. Nd5+ Kd6 50. Rd8+ Kc6 51. Be8+ Kb7 52. Rf7+ 1-0

[Event "Senta op-A 11th"]
[Site "Senta"]
[Date "2007.07.22"]
[Round "2"]
[White "Vlaovic, Djordje"]
[Black "Ardeleanu, Alin"]
[Result "0-1"]
[WhiteElo "2268"]
[BlackElo "2416"]
[PlyCount "66"]
[EventDate "2007.07.21"]
[EventType "swiss"]
[EventRounds "9"]
[EventCountry "YUG"]
[SourceTitle "CBM 119 Extra"]
[Source "ChessBase"]
[SourceDate "2007.09.04"]
[SourceVersion "1"]
[SourceVersionDate "2007.09.04"]
[SourceQuality "1"]

1. e4 c5 2. Nf3 a6 3. d4 cxd4 4. Nxd4 Nf6 5. Bd3 e5 6. Nb3 d6 7. 0-0 Be7 8. h3 0-0 9. c4 b5 10. cxb5 axb5 11. Re1 Bb7 12. Na3 b4 13. Nc4 Nbd7 14. a4 bxa3 15. bxa3 Ra4 16. Nb2 Rxe4 17. Bxe4 Nxe4 18. Qc2 Ndc5 19. Nxc5 Nxc5 20. Be3 Ne6 21. Nc4 Bg5 22. Qd2 Bxe3 23. fxe3 Qg5 24. Rab1 Be4 25. Rb5 Rd8 26. Rd1 d5 27. Nb6 d4 28. Rb2 dxe3 29. Qe1 Nd4 30. h4 Nf3+ 31. Kf1 Nd2+ 32. Qxd2 Qf6+ 33. Kg1 exd2 0-1

[Event "Manitoba-ch Closed"]
[Site "Winnipeg"]
[Date "1994.??.??"]
[Round "?"]
[White "Kollar, Frank"]
[Black "Vlaovic, Djordje"]
[Result "1/2-1/2"]
[WhiteElo "2200"]
[BlackElo "2350"]
[PlyCount "98"]
[EventDate "1994.??.??"]
[EventType "tourn"]
[EventRounds "7"]
[EventCountry "CAN"]
[SourceTitle "EXT 2004"]
[Source "ChessBase"]
[SourceDate "2003.11.25"]
[SourceVersion "1"]
[SourceVersionDate "2003.11.25"]
[SourceQuality "1"]

1. d4 Nf6 2. c4 c5 3. Nf3 cxd4 4. Nxd4 b6 5. Nc3 Bb7 6. f3 d6 7. e4 e6 8. Be2 Be7 9. Be3 0-0 10. 0-0 a6 11. Qe1 Nbd7 12. Qf2 Qc7 13. Rac1 Rac8 14. b4 Qb8 15. a3 Rfe8 16. Nb3 Bd8 17. Rfd1 Bc7 18. g3 h6 19. Bf1 Ne5 20. Be2 Ba8 21. Kg2 Rcd8 22. Na4 Ned7 23. Nd4 d5 24. exd5 exd5 25. c5 b5 26. Nb2 Ne5 27. Ra1 Nc4 28. Bc1 Rd7 29. Nd3 Rde7 30. Kg1 Qc8 31. a4 bxa4 32. Rxa4 Bb8 33. b5 axb5 34. Rxa8 Bxg3 35. Rxc8 Bxf2+ 36. Kxf2 Rxc8 37. Nxb5 Nd7 38. Nd6 Nxd6 39. cxd6 Re6 40. Ba3 Ra8 41. Bb4 g5 42. Rd2 Rb8 43. Rc2 Nf6 44. Rc7 Rd8 45. Bd1 Ne8 46. Rc6 Nxd6 47. Rc5 Rf6 48. Rc7 g4 49. Bxd6 Rdxd6 1/2-1/2

[Event "CAN-op"]
[Site "Winnipeg"]
[Date "1994.??.??"]
[Round "9"]
[White "Vlaovic, Djordje"]
[Black "Nickoloff, Bryon"]
[Result "0-1"]
[WhiteElo "2300"]
[BlackElo "2380"]
[PlyCount "92"]
[EventDate "1994.07.??"]
[EventType "swiss"]
[EventRounds "10"]
[EventCountry "CAN"]
[SourceTitle "EXT 2000"]
[Source "ChessBase"]
[SourceDate "1999.11.16"]
[SourceVersion "1"]
[SourceVersionDate "1999.11.16"]
[SourceQuality "1"]

1. e4 e5 2. Nc3 Nf6 3. g3 d5 4. exd5 Nxd5 5. Bg2 Nxc3 6. bxc3 c5 7. d3 Nc6 8. Ne2 Be6 9. c4 Qd7 10. h3 Bd6 11. Be3 0-0 12. Rb1 f5 13. f4 b6 14. 0-0 Rae8 15. Kh2 Nd4 16. fxe5 Nxe2 17. Qxe2 Bxe5 18. Qd2 Qd6 19. Bf4 Bxf4 20. Qxf4 Qxf4 21. gxf4 Bd7 22. Bd5+ Kh8 23. Rbe1 Rxe1 24. Rxe1 Re8 25. Rxe8+ Bxe8 26. c3 g6 27. d4 Kg7 28. Bf3 Kf6 29. h4 cxd4 30. cxd4 Bf7 31. Be2 b5 32. cxb5 Bxa2 33. Kg3 Ke6 34. Kf2 Kd5 35. Ke3 Bc4 36. Bf3+ Kd6 37. Bd1 Bxb5 38. Bb3 Be8 39. Bg8 h6 40. d5 Kc5 41. h5 gxh5 42. Be6 Bg6 43. Bd7 Kxd5 44. Ba4 Kc5 45. Bc2 a5 46. Kd3 h4 0-1

[Event "Winnipeg Scorpion op"]
[Site "Winnipeg"]
[Date "1993.??.??"]
[Round "?"]
[White "Vlaovic, Djordje"]
[Black "Kaptsan, Aron"]
[Result "1-0"]
[WhiteElo "2300"]
[BlackElo "2210"]
[PlyCount "105"]
[EventDate "1993.??.??"]
[EventType "swiss"]
[EventRounds "5"]
[EventCountry "CAN"]
[SourceTitle "EXT 2002"]
[Source "ChessBase"]
[SourceDate "2001.11.25"]
[SourceVersion "1"]
[SourceVersionDate "2001.11.25"]
[SourceQuality "1"]

1. e4 c5 2. Nf3 d6 3. d4 cxd4 4. Nxd4 Nf6 5. Nc3 a6 6. Bc4 e6 7. Bb3 Be7 8. g4 d5 9. exd5 Nxd5 10. Nxd5 exd5 11. Be3 0-0 12. Qf3 Nc6 13. Qxd5 Bxg4 14. Rg1 Qxd5 15. Bxd5 Bd7 16. Nxc6 Bxc6 17. Bxc6 bxc6 18. 0-0-0 Rfd8 19. Bd4 g6 20. c4 Rab8 21. Kc2 f5 22. b3 Kf7 23. a4 Bb4 24. Be5 Rbc8 25. f4 Ke6 26. Bc3 Bxc3 27. Kxc3 Kf6 28. Rge1 h6 29. h4 g5 30. hxg5+ hxg5 31. fxg5+ Kxg5 32. Rg1+ Kf6 33. Rd4 c5 34. Rd5 Rxd5 35. cxd5 Ke5 36. Kc4 f4 37. Re1+ Kf5 38. d6 f3 39. Kd5 Kf4 40. d7 Rd8 41. Kc6 f2 42. Rc1 Ke3 43. Kc7 Rg8 44. d8Q Rxd8 45. Kxd8 Kd2 46. Rh1 Kc3 47. Kc7 Kxb3 48. Kb6 c4 49. Kc5 c3 50. Kd4 c2 51. Kd3 a5 52. Kd2 Kb2 53. Rf1 1-0

[Event "Novi Sad op"]
[Site "Novi Sad"]
[Date "1989.??.??"]
[Round "9"]
[White "Kurcubic, Aleksandar"]
[Black "Vlaovic, Djordje"]
[Result "1-0"]
[WhiteElo "2320"]
[BlackElo "2250"]
[PlyCount "102"]
[EventDate "1989.??.??"]
[EventType "swiss"]
[EventRounds "9"]
[EventCountry "YUG"]
[SourceTitle "EXT 2000"]
[Source "ChessBase"]
[SourceDate "1999.11.16"]
[SourceVersion "1"]
[SourceVersionDate "1999.11.16"]
[SourceQuality "1"]

1. e4 c5 2. Nf3 Nf6 3. Nc3 d5 4. exd5 Nxd5 5. Bc4 Nb6 6. Bb5+ Bd7 7. 0-0 Bxb5 8. Nxb5 a6 9. Nc3 Nc6 10. d3 e6 11. Be3 Nd5 12. Nxd5 Qxd5 13. d4 cxd4 14. Nxd4 Bc5 15. Nxc6 Qxc6 16. Bxc5 Qxc5 17. c3 0-0 18. Qf3 Qb6 19. b3 Rfd8 20. Rfd1 h6 21. h3 Qa5 22. Qxb7 Qxc3 23. Rac1 Qb2 24. Rxd8+ Rxd8 25. Rc8 Rxc8 26. Qxc8+ Kh7 27. Qxa6 Qc1+ 28. Qf1 Qb2 29. Qd3+ f5 30. a4 Qc1+ 31. Kh2 Qf4+ 32. Qg3 Qb4 33. Qe3 h5 34. g3 h4 35. Qxe6 hxg3+ 36. Kxg3 Qb8+ 37. Kg2 g6 38. Qc4 Qa8+ 39. Kg1 Qd8 40. Qc3 Qd1+ 41. Kg2 Qd5+ 42. Qf3 Qa5 43. Qd3 Qa8+ 44. Kf1 Qh1+ 45. Ke2 Qa1 46. Qd5 Qb2+ 47. Kf3 Qc1 48. Qd3 Qh1+ 49. Kf4 Qc1+ 50. Ke5 Qc5+ 51. Kf6 Qxf2 1-0

[Event "Vojvodina-88"]
[Site "Novi Sad"]
[Date "1988.04.27"]
[Round "7"]
[White "Vlaovic, Djordje"]
[Black "Popov, Luben"]
[Result "1/2-1/2"]
[WhiteElo "2250"]
[BlackElo "2430"]
[PlyCount "54"]
[EventDate "1988.04.21"]
[EventType "tourn"]
[EventRounds "9"]
[EventCountry "YUG"]
[EventCategory "4"]
[SourceTitle "EXT 2022"]
[Source "ChessBase"]
[SourceDate "2021.10.06"]
[SourceVersion "1"]
[SourceVersionDate "2021.10.06"]
[SourceQuality "1"]

1. e4 Nf6 2. e5 Nd5 3. d4 d6 4. Nf3 Bg4 5. h3 Bxf3 6. Qxf3 dxe5 7. dxe5 e6 8. a3 c6 9. Qg3 Nd7 10. Be2 Ne7 11. 0-0 Nf5 12. Qc3 Bc5 13. Bd3 Bd4 14. Qb4 Qb6 15. Bxf5 Qxb4 16. axb4 exf5 17. Re1 0-0-0 18. c3 Bxe5 19. Rxa7 Bb8 20. Ra8 Nb6 21. Ra1 Rhe8 22. Rxe8 Rxe8 23. Kf1 Nc4 24. Na3 Ne5 25. Bf4 f6 26. Rd1 Bc7 27. b5 Re6 1/2-1/2

[Event "Novi Sad op"]
[Site "Novi Sad"]
[Date "1988.??.??"]
[Round "7"]
[White "Dragovic, Momcilo"]
[Black "Vlaovic, Djordje"]
[Result "1-0"]
[WhiteElo "2325"]
[BlackElo "2250"]
[PlyCount "59"]
[EventDate "1988.07.01"]
[EventType "swiss"]
[EventRounds "11"]
[EventCountry "YUG"]
[SourceTitle "EXT 1997"]
[Source "ChessBase"]
[SourceDate "1996.11.15"]
[SourceVersion "1"]
[SourceVersionDate "1996.11.15"]
[SourceQuality "1"]

1. e4 c5 2. Nf3 Nf6 3. d3 d5 4. Nbd2 g6 5. c3 dxe4 6. dxe4 Bg7 7. Bc4 0-0 8. 0-0 b6 9. e5 Ng4 10. h3 Nh6 11. Qe2 Bb7 12. Ne4 Bd5 13. Bxd5 Qxd5 14. Nf6+ exf6 15. exf6 Bxf6 16. Bxh6 Rc8 17. Rad1 Qh5 18. Qe4 Nc6 19. Rd6 Qxh6 20. Rxf6 Nd8 21. Rd1 Qg7 22. Rfd6 Ne6 23. Ne5 Re8 24. Rxe6 fxe6 25. Rd7 Qh6 26. Ng4 Qf8 27. Qe5 Rad8 28. Rb7 Rb8 29. Rxb8 Rxb8 30. Nf6+ 1-0

[Event "Novi Sad op"]
[Site "Novi Sad"]
[Date "1988.??.??"]
[Round "2"]
[White "Vlaovic, Djordje"]
[Black "Anastasian, Ashot"]
[Result "0-1"]
[WhiteElo "2250"]
[BlackElo "2445"]
[PlyCount "70"]
[EventDate "1988.07.01"]
[EventType "swiss"]
[EventRounds "11"]
[EventCountry "YUG"]
[SourceTitle "EXT 1997"]
[Source "ChessBase"]
[SourceDate "1996.11.15"]
[SourceVersion "1"]
[SourceVersionDate "1996.11.15"]
[SourceQuality "1"]

1. e4 c5 2. Nf3 d6 3. d4 cxd4 4. Nxd4 Nf6 5. Nc3 a6 6. Bc4 Nbd7 7. Bg5 h6 8. Bh4 g6 9. 0-0 Bg7 10. a4 0-0 11. Re1 Ne5 12. Bb3 Nc6 13. Nxc6 bxc6 14. e5 dxe5 15. Rxe5 Qxd1+ 16. Rxd1 e6 17. Re3 a5 18. Rd6 Nd5 19. Re1 Bb7 20. Nd1 Rfc8 21. f3 c5 22. c4 Nb4 23. Re2 Bd4+ 24. Kf1 g5 25. Bg3 Ra6 26. Nc3 Nd3 27. Nb5 Nc1 28. Rxd4 cxd4 29. Nxd4 Rb6 30. Re3 Nxb3 31. Rxb3 Rxb3 32. Nxb3 Rxc4 33. Nxa5 Rc1+ 34. Be1 Ba6+ 35. Kf2 Rc2+ 0-1

[Event "YUG Team-ch36"]
[Site "Pula"]
[Date "1984.09.11"]
[Round "6.5"]
[White "Vlaovic, Djordje"]
[Black "Lalic, Bogdan"]
[Result "0-1"]
[WhiteElo "2305"]
[BlackElo "2375"]
[PlyCount "70"]
[EventDate "1984.09.05"]
[EventType "team-tourn"]
[EventRounds "9"]
[EventCountry "YUG"]
[SourceTitle "EXT 2010"]
[Source "ChessBase"]
[SourceDate "2010.11.25"]
[SourceVersion "1"]
[SourceVersionDate "2010.11.25"]
[SourceQuality "1"]
[WhiteTeam "Novi Sad"]
[BlackTeam "Sarajevo Bosna"]
[WhiteTeamCountry "YUG"]
[BlackTeamCountry "YUG"]

1. e4 e6 2. d4 d5 3. Nc3 Bb4 4. e5 c5 5. a3 Bxc3+ 6. bxc3 Ne7 7. a4 Nbc6 8. Nf3 Qc7 9. Be2 0-0 10. 0-0 b6 11. Re1 Bd7 12. Bf1 Na5 13. Ng5 h6 14. Nh3 f5 15. exf6 Rxf6 16. g3 cxd4 17. cxd4 Ng6 18. Nf4 Nxf4 19. Bxf4 Rxf4 20. gxf4 Qxf4 21. Bh3 Rf8 22. Ra3 Nc4 23. Rg3 Nd2 24. Bxe6+ Bxe6 25. Rxe6 Qxf2+ 26. Kh1 Ne4 27. Rgg6 Qe3 28. Rg2 Nf2+ 29. Rxf2 Qxf2 30. Re5 Qh4 31. Qg1 Qh3 32. Re3 Rf3 33. Re8+ Kf7 34. Re2 Qf5 35. Re1 Rf2 0-1